| 000 | 00712nam a2200289Ia 4500 | ||
|---|---|---|---|
| 005 | 20260324115202.0 | ||
| 008 | 008 260324s9999 xx 000 0 eng d | ||
| 020 | _a9780203729991 | ||
| 037 | _aEBOOK | ||
| 040 | _aCRL | ||
| 040 | _beng | ||
| 040 | _cCRL | ||
| 041 | _2eng | ||
| 041 | _aeng | ||
| 084 | _qCRL | ||
| 100 |
_aBerker Bilgin; Ali Emadi; James Weisheng Jiang _91153692 |
||
| 245 | 0 | _aSwitched Reluctance Motor Drives | |
| 245 | 0 | _bFundamentals to Applications | |
| 260 | _bTaylor and Francis | ||
| 260 | _c2019 | ||
| 365 | _a | ||
| 365 | _b320 | ||
| 856 | _uhttp://www.taylorfrancis.com/books/9780203729991 | ||
| 942 | _cEBOOK | ||
| 999 |
_c1744387 _d1744387 |
||